Environmental Knowledge Organization and Information Management Proceedings of the First European ISKO Conference 14-16 Sept. 1994 Bratislava, Slovakia

Guardado en:
Detalles Bibliográficos
Otros Autores: Stancikova, Pavla, Dahlberg, Ingetraut
Formato: Libro
Lenguaje:inglés
Publicado: Frankfurt/Main Indeks Verlag 1995
Materias:
Etiquetas: Agregar Etiqueta
Sin Etiquetas, Sea el primero en etiquetar este registro!

MARC

LEADER 00000nam a2200000 4500
001 c100692
005 20221123112336.7
020 |a 3-88672-601-0 
022 |a 0946-9389 
041 0 |a eng 
044 |a DE 
245 1 0 |a Environmental Knowledge Organization and Information Management  |b Proceedings of the First European ISKO Conference 14-16 Sept. 1994 Bratislava, Slovakia  |c Edited by Pavla Stancikova and Ingetraut Dahlberg 
264 1 |a Frankfurt/Main  |b Indeks Verlag  |c 1995 
300 |a 88 s. 
610 2 0 |a prostredie životné 
610 2 0 |a manažment informačný 
610 2 0 |a organizácia 
610 2 0 |a zdravie 
610 2 0 |a ekológia 
610 2 0 |a Slovensko 
610 2 0 |a Švédsko 
610 2 0 |a Poľsko 
610 2 0 |a Veľká Británia 
700 1 |a Stancikova, Pavla 
700 1 |a Dahlberg, Ingetraut